书目信息 |
| 题名: |
安全生产综合法律法规
|
|
| 作者: | 王金锋 主编 | |
| 分册: | 2 | |
| 出版信息: | 汕头 汕头大学出版社 2018 |
|
| 页数: | 138页 | |
| 开本: | 22cm | |
| 丛书名: | ||
| 单 册: | ||
| 中图分类: | D922.544 , D922.68 | |
| 科图分类: | ||
| 主题词: | 安全生产--安全法规--中国--学习参考资料 | |
| 电子资源: | ||
| ISBN: | 978-7-5658-2951-2 | |
| 000 | 00851nam0 2200241 450 | |
| 001 | 2332022045 | |
| 005 | 20231209233658.81 | |
| 010 | @a978-7-5658-2951-2@dCNY29.80 | |
| 100 | @a20181129d2018 em y0chiy50 ea | |
| 101 | 0 | @achi |
| 102 | @aCN@b440000 | |
| 105 | @ay n 000yy | |
| 200 | 1 | @a安全生产综合法律法规@Aan quan sheng chan zong he fa lv fa gui@h2@f王金锋主编 |
| 210 | @a汕头@c汕头大学出版社@d2018 | |
| 215 | @a138页@d22cm | |
| 300 | @a全国“七五”普法学习读本 安全生产法律法规学习读本 | |
| 330 | @a本书包括中华人民共和国安全生产法、安全生产执法程序规定、安全生产事故隐患排查治理暂行规定、安全生产标准制修订工作细则等内容。 | |
| 606 | 0 | @a安全生产@x安全法规@y中国@j学习参考资料 |
| 690 | @aD922.544@v5 | |
| 690 | @aD922.68@v4 | |
| 701 | 0 | @a王金锋@Awang jin feng@4主编 |
| 801 | 0 | @aCN@b91MARC@c20181129 |
| 905 | @aZUCC@dD922.68@e12:2 | |
| 安全生产综合法律法规.2/王金锋主编.-汕头:汕头大学出版社,2018 |
| 138页;22cm |
| 全国“七五”普法学习读本 安全生产法律法规学习读本 |
| ISBN 978-7-5658-2951-2:CNY29.80 |
| 本书包括中华人民共和国安全生产法、安全生产执法程序规定、安全生产事故隐患排查治理暂行规定、安全生产标准制修订工作细则等内容。 |
| ● |
| 相关链接 |
|
|
|
正题名:安全生产综合法律法规
索取号:D922.68/12:2
 
预约/预借
| 序号 | 登录号 | 条形码 | 馆藏地/架位号 | 状态 | 备注 |
| 1 | 2001035535 | 2001035535 | 315书库/四5架A面1层2列/ [索取号:D922.68/12:2] | 在馆 | |
| 2 | 2001035536 | 2001035536 | 315书库/四5架A面1层2列/ [索取号:D922.68/12:2] | 在馆 | |
| 3 | 2001035537 | 2001035537 | 315书库/四5架A面1层2列/ [索取号:D922.68/12:2] | 在馆 | |
| 4 | 2001035538 | 2001035538 | 315书库/四5架A面1层2列/ [索取号:D922.68/12:2] | 在馆 | |
| 5 | 2001035539 | 2001035539 | 315书库/四5架A面1层2列/ [索取号:D922.68/12:2] | 在馆 | |
| 6 | 2001035540 | 2001035540 | 315书库/四5架A面1层2列/ [索取号:D922.68/12:2] | 在馆 |